India / (Record no. 151730)

MARC details
000 -LEADER
fixed length control field 00690nam a22001937a 4500
005 - DATE AND TIME OF LATEST TRANSACTION
control field 20180424130841.0
010 ## - LCCN (DPL NO)
LC control number B-691539-540
020 ## - INTERNATIONAL STANDARD BOOK NUMBER
Terms of availability 845.00
International Standard Book Number 9788185273181
035 ## - SYSTEM CONTROL NUMBER
System control number B-691539-540
037 ## - SOURCE OF ACQUISITION
Source of stock number/acquisition R.K.Books
082 ## - DEWEY DECIMAL CLASSIFICATION NUMBER
Classification number 915.4
100 ## - MAIN ENTRY--PERSONAL NAME
Personal name Singh, R.L.
245 ## - TITLE STATEMENT
Title India /
Statement of responsibility, etc R.L.Singh
Remainder of title a regional geography
260 ## - PUBLICATION, DISTRIBUTION, ETC. (IMPRINT)
Place of publication, distribution, etc New Delhi
Name of publisher, distributor, etc UBS Publishers
Date of publication, distribution, etc 2017
270 ## - ADDRESS
Address 5 Ansari Road, Darayaganj
City New Delhi
Postal code 110002
300 ## - PHYSICAL DESCRIPTION
Extent 992p.
Dimensions 23cm(pbk)
942 ## - ADDED ENTRY ELEMENTS (KOHA)
Source of classification or shelving scheme Dewey Decimal Classification
Item type English Books
Call number suffix SIN
Classification part 915.4
Holdings
Withdrawn status Lost status Not for loan Collection code Home library Current library Date acquired Source of acquisition Cost, normal purchase price Full call number Barcode Copy number Cost, replacement price Koha item type
      Non-fiction Bawana Bawana 24/04/2018 R.K.Books IN4122/17-18/26.03.2018/897/23.03.2018/27.03.2018 845.00 915.4 SIN B-691540 1 845.00 English Books
      Non-fiction Narela Narela 24/04/2018 R.K.Books IN4122/17-18/26.03.2018/897/23.03.2018/27.03.2018 845.00 915.4 SIN B-691539 1 845.00 English Books

© Delhi Public Library
Hit Counter
free hit counter